Top 100 Boy Names of the Last 100 Years - Statistics

General Stats
  • This quiz has been taken 654 times
  • The average score is 59 of 100
Answer Stats
Rank Hint Answer % Correct
2 J John
98%
1 J James
95%
5 W William
95%
4 M Michael
93%
6 D David
92%
48 J Jack
90%
7 R Richard
89%
3 R Robert
89%
17 P Paul
87%
9 T Thomas
87%
21 G George
86%
19 A Andrew
85%
56 P Peter
85%
10 C Charles
84%
54 J Jose
84%
12 D Daniel
83%
13 M Matthew
83%
16 M Mark
81%
35 S Stephen
80%
18 S Steven
80%
11 C Christopher
79%
8 J Joseph
79%
15 D Donald
75%
53 H Henry
75%
31 J Jacob
75%
42 B Benjamin
74%
25 E Edward
74%
41 F Frank
74%
45 S Samuel
74%
23 K Kevin
73%
99 H Harry
71%
27 T Timothy
71%
57 A Adam
69%
47 A Alexander
69%
24 B Brian
69%
80 B Bryan
69%
14 A Anthony
68%
26 R Ronald
68%
22 J Joshua
67%
28 J Jason
65%
96 P Philip
64%
30 R Ryan
64%
43 G Gregory
62%
36 J Jonathan
62%
20 K Kenneth
62%
58 N Nathan
62%
59 Z Zachary
62%
87 A Alan
61%
33 N Nicholas
61%
46 P Patrick
61%
60 W Walter
60%
38 J Justin
59%
73 E Ethan
58%
34 E Eric
57%
64 J Jeremy
56%
75 J Joe
56%
71 S Sean
56%
52 A Aaron
54%
68 A Arthur
54%
32 G Gary
54%
40 B Brandon
52%
83 J Jordan
50%
76 A Albert
49%
63 C Carl
49%
72 C Christian
49%
62 H Harold
49%
61 K Kyle
49%
66 K Keith
48%
44 R Raymond
48%
51 T Tyler
48%
49 D Dennis
47%
29 J Jeffrey
47%
92 L Louis
47%
82 N Noah
45%
37 L Larry
44%
70 L Lawrence
43%
84 D Dylan
42%
39 S Scott
42%
95 V Vincent
42%
90 J Juan
41%
67 R Roger
41%
79 B Billy
39%
65 G Gerald
38%
50 J Jerry
38%
98 B Bobby
34%
91 G Gabriel
34%
88 W Wayne
33%
77 J Jesse
31%
85 R Ralph
31%
97 L Logan
29%
69 T Terry
29%
81 B Bruce
28%
55 D Douglas
28%
86 R Roy
28%
93 R Russell
23%
100 J Johnny
22%
74 A Austin
21%
78 W Willie
18%
94 R Randy
17%
89 E Eugene
14%
No matching quizzes found
Score Distribution
Percent of People with Each Score
Percentile by Number Answered
Your Score History
You have not taken this quiz